Dyslexia, Speech and Language / A Practitioner's Handbook (Record no. 48)
[ view plain ]
| 000 -LEADER | |
|---|---|
| fixed length control field | 01562cam a22002054a 4500 |
| 005 - ΗΜΕΡΟΜΗΝΙΑ ΚΑΙ ΩΡΑ ΤΕΛΕΥΤΑΙΑΣ ΕΝΗΜΕΡΩΣΗΣ | |
| Πεδίο ελέγχου | 20250605163921.0 |
| 008 - FIXED-LENGTH DATA ELEMENTS--GENERAL INFORMATION | |
| Πεδίο ελέγχου σταθερού μήκους | 250528s ||||||||||||||||||||||||d |
| 035 ## - SYSTEM CONTROL NUMBER | |
| System control number | 14415 |
| 020 ## - ISBN | |
| ISBN | 1861564856 |
| 040 ## - ΠΗΓΗ ΚΑΤΑΛΟΓΟΓΡΑΦΗΣΗΣ | |
| Φορέας πρωτότυπης καταλογογράφησης | MC Athens Campus Library |
| Γλώσσα καταλογογράφησης | Ελληνικά, Μοντέρνα (1453-) |
| Modifying agency | MC Athens Campus Library |
| Κανόνες περιγραφικής καταλογογράφησης | AACR2 |
| 245 1# - ΤΙΤΛΟΣ ΚΑΙ ΔΗΛΩΣΗ ΥΠΕΥΘΥΝΟΤΗΤΑΣ | |
| Τίτλος | Dyslexia, Speech and Language / A Practitioner's Handbook |
| 250 ## - EDITION STATEMENT | |
| Edition statement | 2nd |
| 260 ## - PUBLICATION, DISTRIBUTION, ETC. | |
| Name of publisher, distributor, etc. | Stackhouse Joy |
| -- | Whurr Publishers, |
| Date of publication, distribution, etc. | 2006 |
| 300 ## - PHYSICAL DESCRIPTION | |
| Extent | 374 |
| 520 ## - SUMMARY, ETC. | |
| Summary, etc. | This book links theory to practice and will be of great value to professionals in the fields of education, speech and language therapy and psychology. Preface, Contributors, Language Skills and Learning to Read: The Dyslexia Spectrum, Speech and Spelling Difficulties: What to Look for, The Dyslexic Brain, The Prediction and Screening of Children's Reading Difficulties, Assessing Speech and Language Skills in the School-Age Child, Assessing Reading and Spelling Skills, Assessing Children's Reading Comprehension, Short-Term Memory: Assessment and Intervention, Phonological Awareness and Reading Intervention, Spelling: Challenges and Strategies for the Dyslexic Learner and the Teacher, Developing Handwriting Skills, Managing the Needs of Pupils with Dyslexia in Mainstream Classrooms, The Assessment and Management of Psychosocial Aspects of Reading and Language Impairments, Supporting Language and Literacy in the Early Years: Interdisciplinary Training, Current Themes and Future Directions, References, Author and Subject Index. |
| 700 1# - ΠΡΟΣΘΕΤΗ ΑΝΑΓΡΑΦΗ--ΦΥΣΙΚΟ ΠΡΟΣΩΠΟ | |
| Personal name | Snowling Margaret |
| 9 (RLIN) | 63 |
| 942 ## - ADDED ENTRY ELEMENTS (KOHA) | |
| Koha item type | Books |
| Τύπος τεκμηρίου | Βιβλιοθήκη | Τρέχουσα τοποθεσία | Barcode | Αριθμός εισαγωγής | Ημερομηνία απόκτησης | Ταξιθετικό σύμβολο | Αριθμός αντιτύπου | Κατάσταση απόσυρσης | Κατάσταση χαμένου | Κατάσταση κατεστραμμένου | Μη δανεισμός | Σύνολο δανεισμών | Ημερομηνία τελευταίας εμφάνισης | Η τιμή ισχύει από |
|---|---|---|---|---|---|---|---|---|---|---|---|---|---|---|
| Books | MC Athens Campus Library | MC Athens Campus Library | 9780000000477 | 1919 | 05/06/2025 | 371.911/44 SNO | 2 | 05/06/2025 | 05/06/2025 |